ბათუმის შოთა რუსთაველის სახელმწიფო უნივერსიტეტის ბიბლიოთეკა

ფილოლოგიურ-ისტორიული ძიებანი : (ბიბ.ჩანაწერი № 60137)

000 -ლიდერი
ფიქსირებული სიგრძის საკონტროლო ველი 01350nam a22002417a 4500
003 - საკონტროლო ნომრის იდენტიფიკატორი
საკონტროლო ველი Ge_BSU
005 - ბოლო ოპერაციის თარიღი და დრო
საკონტროლო ველი 20230612152105.0
008 - ფიქსირებული სიგრძის მონაცემთა ელემენტები - ზოგადი ინფორმაცია
ფიქსირებული სიგრძის საკონტროლო ველი 230612s2007 ge ||||| |||| 00| 0 geo d
020 ## - წიგნის საერთაშორისო სტანდარტული ნომერი
International Standard Book Number 9789994059904
041 ## - ენის კოდი
Language code of text/sound track or separate title geo
080 ## - უნივერსალური ათობითი კლასიფიკაციის ინდექსი
Universal Decimal Classification number 091(=353.1) მ-59
100 ## - მთავარი ჩანაწერი - პიროვნების სახელი
Personal name მეტრეველი, ელენე
9 (RLIN) 3397
245 ## - ცნობა სათაურის შესახებ
Title ფილოლოგიურ-ისტორიული ძიებანი :
Remainder of title ნაკვ. 1 /
Statement of responsibility, etc ელენე მეტრეველი ; რედ.: თამარ ოთხმეზური, თინათინ ცერაძე ; ხელნაწერთა ეროვნ. ცენტრი.
264 ## - წარმოების, გამოცემის, დისტრიბუციის და სხვა ცნობები
გამოცემის, წარმოების, დისტრიბუციის... ადგილი თბილისი :
გამოცემის, წარმოების, დისტრიბუციის... სახელწოდება არტანუჯი,
გამოცემის, წარმოების, დისტრიბუციის... თარიღი 2007.
300 ## - ფიზიკური აღწერა
Extent 324 გვ.
Other physical details 25 სმ.
500 ## - ზოგადი შენიშვნა
General note ეძღვნ. ელენე მეტრეველის დაბადებიდან 90 წლისთავს.
504 ## - BIBLIOGRAPHY, ETC. NOTE
Bibliography, etc ბიბლიოგრ. ტექსტ. შენიშვნ.
653 ## - INDEX TERM--UNCONTROLLED
Uncontrolled term ქართული ხელნაწერები
700 ## - ADDED ENTRY--PERSONAL NAME
Personal name ოთხმეზური, თამარ
Relator term რედაქტორი
9 (RLIN) 14919
700 ## - ADDED ENTRY--PERSONAL NAME
Personal name ცერაძე, თინათინ
Relator term რედაქტორი
9 (RLIN) 18640
710 ## - ADDED ENTRY--CORPORATE NAME
Corporate name or jurisdiction name as entry element ხელნაწ. ეროვნ. ცენტრი.
9 (RLIN) 18641
942 ## - ADDED ENTRY ELEMENTS (KOHA)
Source of classification or shelving scheme
Koha item type წიგნი
ეგზემპლარები
ჩამოწერის სტატუსი დაკარგული ეგზემპლარის სტატუსი კლასიფიკაციის წყარო ან თაროზე გაწყობის სქემა დაზიანების სტატუსი არ გაიცემა მუდმივი მდებარეობა (დაცვის ადგილი) ამჟამინდელი ადგილსამყოფელი თაროზე განთავსების ადგილი შეძენის თარიღი ღირებულება, შესყიდვის ნორმალური ფასი სრული შენახვის შიფრი შტრიხკოდი ბოლო ოპერაციის თარიღი ეგზემპლარის მიმდევრობითი ნომერი (კეტერი?) Uniform Resource Identifier ფასის ძალაში შესვლის თარიღი ეგზემპლარის სახეობა საჯარო შენიშვნა
          ბათუმის შოთა რუსთაველის სახელმწიფო უნივერსიტეტის მთავარი ბიბლიოთეკა ბათუმის შოთა რუსთაველის სახელმწიფო უნივერსიტეტის მთავარი ბიბლიოთეკა წიგნსაცავი 2023-06-12 6.00 091(=353.1) მ-59 64559 2023-06-12 64559 ბსუ-ს საპატიო დოქტორის გურამ ლორთქიფანიძის საჩუქარი 2023-06-12 წიგნი 6 ლ.